[Event "Malyszko mem corr"]
[Site "Poland"]
[Date "1991.??.??"]
[Round "?"]
[White "Furlepa, Zdzislaw"]
[Black "Ewert, Jerzy"]
[Result "1-0"]
[WhiteElo "1800"]
[BlackElo "2000"]
[PlyCount "79"]
[EventDate "1991.??.??"]
[EventType "tourn (corr)"]
[EventRounds "6"]
[EventCountry "POL"]
[SourceTitle "Corr 2006"]
[Source "ChessBase"]
[SourceDate "2006.04.01"]
[SourceVersion "3"]
[SourceVersionDate "2006.04.01"]
[SourceQuality "1"]

1. b4 e5 2. Bb2 e4 3. e3 Nf6 4. b5 Bb4 5. c4 0-0 6. Qb3 c5 7. Nc3 d6 8. d4 Bf5 9. Nge2 Bg6 10. Nf4 a5 11. 0-0-0 a4 12. Qc2 cxd4 13. exd4 a3 14. Ba1 Bxc3 15. Bxc3 Ng4 16. Nxg6 Qg5+ 17. Bd2 Qxg6 18. Be3 Nxe3 19. fxe3 Nd7 20. g3 Nb6 21. Qb3 Rfc8 22. Kb1 h6 23. Be2 d5 24. c5 Na4 25. Rc1 b6 26. c6 Qd6 27. Rhf1 g6 28. h4 Nb2 29. Rc2 Rc7 30. g4 Kg7 31. g5 Raa7 32. gxh6+ Kxh6 33. h5 f5 34. hxg6 Qe6 35. Qb4 Kg7 36. Rh1 Ra4 37. Qe1 Nd3 38. Qh4 Rb4+ 39. Ka1 Qxg6 40. Qh8+ 1-0

[Event "Malyszko mem corr"]
[Site "Poland"]
[Date "1991.??.??"]
[Round "?"]
[White "Mostowik, Daniel"]
[Black "Furlepa, Zdzislaw"]
[Result "0-1"]
[WhiteElo "2000"]
[BlackElo "1800"]
[PlyCount "40"]
[EventDate "1991.??.??"]
[EventType "tourn (corr)"]
[EventRounds "6"]
[EventCountry "POL"]
[SourceTitle "Corr 2006"]
[Source "ChessBase"]
[SourceDate "2006.04.01"]
[SourceVersion "3"]
[SourceVersionDate "2006.04.01"]
[SourceQuality "1"]

1. b4 d5 2. Bb2 Nf6 3. e3 e6 4. b5 c5 5. Nf3 Bd6 6. c4 Nbd7 7. Be2 0-0 8. 0-0 Qe7 9. a4 e5 10. d3 e4 11. dxe4 dxe4 12. Nfd2 Ne5 13. Nc3 Neg4 14. h3 Qe5 15. g3 Nxf2 16. Rxf2 Qxg3+ 17. Rg2 Qxe3+ 18. Kh1 Qxh3+ 19. Kg1 Be5 20. Qc2 Bd4+ 0-1

[Event "Malyszko mem corr"]
[Site "Poland"]
[Date "1991.??.??"]
[Round "?"]
[White "Pietrzak, Janusz"]
[Black "Furlepa, Zdzislaw"]
[Result "1-0"]
[WhiteElo "2200"]
[BlackElo "1800"]
[PlyCount "87"]
[EventDate "1991.??.??"]
[EventType "tourn (corr)"]
[EventRounds "6"]
[EventCountry "POL"]
[SourceTitle "Corr 2006"]
[Source "ChessBase"]
[SourceDate "2006.04.01"]
[SourceVersion "3"]
[SourceVersionDate "2006.04.01"]
[SourceQuality "1"]

1. b4 d5 2. Bb2 Nf6 3. e3 e6 4. b5 c5 5. f4 d4 6. Bd3 Nd5 7. Qf3 Be7 8. Ne2 0-0 9. exd4 Bf6 10. Nbc3 Nxc3 11. dxc3 Qc7 12. Qh5 g6 13. Qxc5 Qxc5 14. dxc5 Nd7 15. c6 Nc5 16. cxb7 Bxb7 17. a4 Bxg2 18. Rg1 Bd5 19. Kd2 Rfd8 20. Kc1 Rac8 21. c4 Bxb2+ 22. Kxb2 Be4 23. Nc1 Bxd3 24. cxd3 Nxd3+ 25. Nxd3 Rxd3 26. Rad1 Rxd1 27. Rxd1 Rxc4 28. Kb3 Rc7 29. Kb4 Kg7 30. Ka5 Kf6 31. Ka6 g5 32. fxg5+ Kxg5 33. a5 f5 34. b6 axb6 35. axb6 Rc3 36. Rb1 Ra3+ 37. Kb5 Ra8 38. b7 Rb8 39. Kc6 e5 40. Kc7 Rf8 41. Kd6 e4 42. b8Q Rxb8 43. Rxb8 e3 44. Ke5 1-0